| 000 | 01040nam1a22003611 4500 | ||
|---|---|---|---|
| 001 | RU\NLR\A1SV\50378 | ||
| 005 | 20251203171251.9 | ||
| 035 | _a(NLR Aleph) 009732384 | ||
| 090 |
_a9914341 _c9914341 |
||
| 100 | _a20040319d1922 u y0rusy50 ca | ||
| 101 | 0 | _arus | |
| 102 | _aRU | ||
| 200 | 1 |
_aЗарево степей _eЛит.-худож. альманах |
|
| 210 |
_aОренбург _cОренбург. кружок пролетар. писателей _d1922 |
||
| 215 | _d21 см | ||
| 300 | _aБез тит. л. | ||
| 620 | _dОренбург | ||
| 801 | 0 |
_aRU _bNLR _c20040319 |
|
| 899 |
_aРНБ _j34.108.5.71 _z(№ 1) |
||
| 899 |
_aРНБ _j34.108.5.71а _z(№ 1) |
||
| 899 |
_aРКП _z(№ 1) |
||
| 899 |
_aРГБ _z(№ 1) |
||
| 899 |
_aСПбГУ _z(№ 1) |
||
| 899 |
_aКирОУНБ _z(№ 1) |
||
| 899 |
_aНБУВ _z(№ 1) |
||
| 899 |
_aБАН _z(№ 1) |
||
| 899 | _aОренбургОУНБ | ||
| 942 | _cBOOK | ||
| 980 | _aNB | ||
| 980 | _aA1SV | ||
| 980 | _aA1SV | ||
| 980 | _aA1SV | ||